000 00763nam a2200253 a 4500
008
020 _a0412548305 (pbk.)
049 _aMAIN
090 _aHA31.2
100 1 _aHart, Mike.
245 1 0 _aSurvey design and analysis using TURBOSTATS /
_cMike Hart.
260 _aLondon :
_bChapman & Hall,
_c1993.
300 _ax, 149 p.
_c;25cm
504 _aIncludes bibliographical references.
500 _aIncludes index
630 0 0 _aTURBOSTATS.
650 0 _aSurveys
_xMethodology
_xComputer programs.
650 0 _aSocial sciences
_xStatistical methods
_xComputer programs.
907 _a.b10019522
_b05-01-04
_c17-04-03
003
005 20230123133135.0
040 _cNUST
942 _cBOOKS
_kHA31.2
999 _c143428
_d143428